| 000 | 00566nam a22001937a 4500 | ||
|---|---|---|---|
| 999 |
_c142734 _d142734 |
||
| 005 | 20181208160234.0 | ||
| 010 | _aENG-119367 | ||
| 020 |
_a9789350020074 _c395.00 |
||
| 035 | _aEN-102899 | ||
| 037 | _bDBAD/PUB | ||
| 082 | _a335.412 | ||
| 100 | _aMeek, Ronald L. | ||
| 245 |
_aStudies in the labour thory of value _cby Ronald L. Meek |
||
| 260 |
_aDelhi _bAakar Books _c2009 |
||
| 270 |
_a28 E Pocket IV, Mayur Vihar Phase I _bDelhi _e110091 |
||
| 300 |
_ai,376p. _c22cm.(pbk) |
||
| 500 | _aInclude index | ||
| 942 |
_2ddc _cEN _h335.412 _mMEE |
||